LEADER 01278nam a2200289 i 4500 001 000000219489 003 CaOOAMICUS 005 20130327000000.0 008 130327s2005 it u000 u ita u 013 $a198386 020 $a88-315-3003-8 040 $aSeMil$bita 100 1 $aDel Rio, Domenico <1926-2003>.$0(OLS)http://semarc/name/18833 245 10$aKarol il grande :$bstoria di Giovanni Paolo 2. /$cDomenico Del Rio ; prefazione di Luigi Accattoli. 250 $aNuove ed. riv. e aggiornata. 260 $aMilano :$bPaoline,$c2005. 300 $a310 p. ;$c22 cm. 490 0 $aDonne e uomini nella storia ;$v23 650 4$aGiovanni Paolo II - Biografie.$0(OLS)http://semarc/subject/10052 700 1 $aAccattoli, Luigi,$d<1943- >.$0(OLS)http://semarc/name/24191 830 0$aDonne e uomini nella storia ;$v23.$0(OLS)http://semarc/title/10334 850 $aSeMil 852 $aSeMil$W1$xVenegono$y1$m3A III 292$j169850$B169850$CSeMilBibl$Z2$F180834 $81 961 $aLascito: Presbitero, Silvana 996 $6020$a88-315-3003-8$9(OLS)http://semarc/number/147676 996 $6245$aKarol il grande :$bstoria di Giovanni Paolo 2.$9(OLS)http://semarc/title/314889 996 $6260$aMilano :$bPaoline$9(OLS)http://semarc/publisher/29684 LEADER 00827nam a2200217 i 4500 001 000000125084 003 CaOOAMICUS 005 20090516000000.0 008 090516s1951 it u000 u ita u 013 $a97782 040 $aSeMil$bita 100 1 $aSibilia, Salvatore.$0(OLS)http://semarc/name/51989 245 10$aInnocenzo 3. :$b1198-1216 /$cSalvatore Sibilia. 260 $a[S.l.] :$bPaoline,$cstampa 1951. 300 $a398 p. ;$c20 cm. 500 $aContiene : Appendice ; Bibliografia. 600 04$aInnocenzo III .$0(OLS)http://semarc/subject/4923 850 $aSeMil 852 $aSeMil$W1$xVenegono$y1$m3B II 185$j79583$B79583$CSeMilBibl$Z2$F81810 $81 996 $6245$aInnocenzo 3. :$b1198-1216$9(OLS)http://semarc/title/184199 996 $6260$a[S.l.] :$bPaoline$9(OLS)http://semarc/publisher/31245